00728nam a2200193 a 45000010005000000030005000050050017000100080041000270400020000681000020000882450192001082600028003003000011003284900032003396500025003716500066003966500026004626500046004882498CDMR20131203163950.0130130s1971||||||||||||||||||||||||||||d aCDMRbcatcCDMR1 aChabrol, Claude13aLe récit fémininb: contribution à l'analyse sémiologique du courrier du coeur et des entrevues ou 'enquêtes' sur la femme dans la presse féminine actuellecpar Claude Chabrol aThe Haguec1971bMouton a142 p.0 aApproaches to Semioticsv1504aRevistes per a dones04aPaper segons el sexe en els mitjans de comunicació de massa04aAnàlisi del discurs04aMitjans de comunicació de massa i dones